| 000 | 00368nam a2200169Ia 4500 | ||
|---|---|---|---|
| 100 | _aPfleeger/Charles P | ||
| 650 | _aComputing | ||
| 250 | _a4 | ||
| 942 | _cBK | ||
| 366 | _f20 | ||
| 654 | _asecurity | ||
| 245 | _aSecurity in computing | ||
| 260 |
_bPrentice -Hall of India _aNew Delhi _c2007 |
||
| 082 |
_a005.8/PFL _bPFL |
||
| 300 | _a845 | ||
| 546 | _aENGLISH | ||
| 999 |
_c32411 _d32411 |
||